000 01339nam a2200229Ia 4500
003 Ost
005 20260507075040.0
008 260507s9999||||xx |||||||||||||| ||und||
020 _a1700329957
040 _cfsecg
041 _aara
082 _a330
100 _aالأمين، عبد الوهاب
_eمؤلف
245 0 _aمبادئ الإقتصاد الكلي /
_c عبد الوهاب الأمين
260 _aعمان:
_bدار الحامد,
_c2002
300 _a404 صفحة؛
_bإيضاحات ؛
_c24 سم
520 _aأهمية دراسة علم الاقتصاد وعلاقته بالعلوم الأخرى،المفاهيم الأساسية لعلم الاقتصاد،التدفق الدائري للإنتاج والدخل،تقديرات الناتج القومي الإجمالي،العوامل المحددة لمستوى الطلب الكلي،تحديد توازن الدخل والإستخدام،النظرية الكلاسيكية للدخل والاستخدام،السياسة الاقتصادية الحكومية،الاقتصاد الدولي والتجارة الخارجية،النمو الاقتصادي والتنمية الاقتصادية
653 _aالاقتصاد الدولي
653 _aالاقتصاد الكلي
653 _aالتنمية الاقتصادية
942 _cكتاب
999 _c42496
_d42496